My book of nursery rhymes

Bibliographic Details
Main Author: Baxter, Nicola
Format: Book
Published: England : Blit2 Editions , 1994
Subjects:

MARC

LEADER 00000cam a2200000 7i4500
001 0000006400
002 000006909
005 20000330.0
020 |a 1856051919 
090 0 0 |a J398.8   |b NUR 
100 1 |a Baxter, Nicola 
245 1 0 |a My book of nursery rhymes   |c Nicola Baxter ; Illustrators by Jo Davies,Francesca Duffield et.al 
260 |a England :   |b Blit2 Editions ,   |c 1994 
300 |a p.v :   |b ill ;   |c 33cm. 
650 0 0 |a Nursery rhymes   |x Juvenile literature 
999 |a 038005   |b BUKU   |c JUNIOR BOOKS   |e PERPUSTAKAAN KOMUNITI PETALING JAYA